فسانہ آزاد : ایک تنقیدی جایزہ / (Record no. 172311)

MARC details
000 -LEADER
fixed length control field 00586nam a22001937a 4500
005 - DATE AND TIME OF LATEST TRANSACTION
control field 20200131130111.0
010 ## - LCCN (DPL NO)
LC control number A-26183
020 ## - INTERNATIONAL STANDARD BOOK NUMBER
Terms of availability 12.00
035 ## - SYSTEM CONTROL NUMBER
System control number A-26183
037 ## - SOURCE OF ACQUISITION
Source of stock number/acquisition BPPD/Pub.
082 ## - DEWEY DECIMAL CLASSIFICATION NUMBER
Classification number 843.08
100 ## - MAIN ENTRY--PERSONAL NAME
Personal name تبسم کاشمیری
245 ## - TITLE STATEMENT
Title فسانہ آزاد : ایک تنقیدی جایزہ /
Statement of responsibility, etc تبسم کاشمیری
246 ## - VARYING FORM OF TITLE
Title proper/short title Fasane Azaad : Ek Tanqeedi Jayza /
Remainder of title by Tabassum Kashmiri
260 ## - PUBLICATION, DISTRIBUTION, ETC. (IMPRINT)
Place of publication, distribution, etc Allahabad
Name of publisher, distributor, etc Urdu Riders
Date of publication, distribution, etc 1980 ء
270 ## - ADDRESS
Address -
City -
Postal code -
300 ## - PHYSICAL DESCRIPTION
Extent 120p.
Dimensions 18cm(Hb)
942 ## - ADDED ENTRY ELEMENTS (KOHA)
Source of classification or shelving scheme Dewey Decimal Classification
Item type Urdu Bks
Classification part 843.08
Call number suffix ت ب س
Holdings
Withdrawn status Lost status Not for loan Collection code Home library Current library Date acquired Source of acquisition Cost, normal purchase price Full call number Barcode Copy number Cost, replacement price Koha item type
      Non-fiction Central Library Central Library 31/01/2020 BPPD/Ven. 12.00 843.08 ت ب س A-26183 1 12.00 Urdu Bks

© Delhi Public Library
Hit Counter
free hit counter